| 000 | 00519nam a22001457a 4500 | ||
|---|---|---|---|
| 040 | _cNUST | ||
| 082 | _a200 | ||
| 100 |
_aRameez Khan _915465 |
||
| 110 |
_aThesis Supervisor: Dr. Fahad Mumtaz Malik Co-supervisor: Dr. Raja Amer Azim _9101669 |
||
| 245 |
_aFixed Settling Time Robust Control for Self-Driving Car/ _cRameez Khan |
||
| 260 |
_aRawalpindi: _bNUST COLLGE OF EME, _c2022. |
||
| 650 |
_aPhD ELECTRICAL ENGINEERING _984162 |
||
| 856 | _uhttp://10.250.8.41:8080/xmlui/handle/123456789/34208 | ||
| 942 |
_2ddc _cSC |
||
| 999 |
_c592084 _d592084 |
||